Bridging / the work of the royal engineers (Record no. 552653)
[ view plain ]
| 000 -LEADER | |
|---|---|
| fixed length control field | 00752cam a22001931a 4500 |
| 082 ## - DEWEY DECIMAL CLASSIFICATION NUMBER | |
| Classification number | 358.20942 |
| Author Mark | WOR |
| 100 ## - MAIN ENTRY--PERSONAL NAME | |
| Personal name | Mackay, W&J |
| 9 (RLIN) | 49910 |
| 110 2# - MAIN ENTRY--CORPORATE NAME | |
| Corporate name or jurisdiction name as entry element | Royal Engineers' Institute (Great Britain) |
| 9 (RLIN) | 49911 |
| 245 10 - TITLE STATEMENT | |
| Title | Bridging / the work of the royal engineers |
| Statement of responsibility, etc. | published by the Secretary, R.E. Institute, Chatham. |
| 260 ## - PUBLICATION, DISTRIBUTION, ETC. | |
| Place of publication, distribution, etc. | Chatham : |
| Name of publisher, distributor, etc. | W. & J. Mackay, |
| Date of publication, distribution, etc. | 1921. |
| 300 ## - PHYSICAL DESCRIPTION | |
| Extent | 87 p., 48 leaves of plates (some folded) : |
| Other physical details | ill., maps ; |
| Dimensions | 25 cm. |
| 490 0# - SERIES STATEMENT | |
| Series statement | The work of the Royal Engineers in the European War ; |
| 526 ## - STUDY PROGRAM INFORMATION NOTE | |
| Program name | 0 |
| Interest level | 0 |
| Reading level | 0 |
| Title point value | 358_209420000000000_WOR |
| 526 ## - STUDY PROGRAM INFORMATION NOTE | |
| Program name | 0 |
| Interest level | 0 |
| Reading level | 0 |
| Title point value | 358_209420000000000_WOR |
| 650 #0 - SUBJECT ADDED ENTRY--TOPICAL TERM | |
| Topical term or geographic name entry element | MCE |
| 9 (RLIN) | 379 |
| 650 #0 - SUBJECT ADDED ENTRY--TOPICAL TERM | |
| Topical term or geographic name entry element | Military bridges. |
| 9 (RLIN) | 49912 |
| 650 #0 - SUBJECT ADDED ENTRY--TOPICAL TERM | |
| Topical term or geographic name entry element | World War, 1914-1918 |
| Geographic subdivision | Great Britain. |
| 9 (RLIN) | 49303 |
| 942 ## - ADDED ENTRY ELEMENTS (KOHA) | |
| Source of classification or shelving scheme | |
| Koha item type | Book |
| Withdrawn status | Lost status | Source of classification or shelving scheme | Damaged status | Not for loan | Permanent Location | Current Location | Shelving location | Date acquired | Total Checkouts | Full call number | Barcode | Date last seen | Price effective from | Koha item type |
|---|---|---|---|---|---|---|---|---|---|---|---|---|---|---|
| Military College of Engineering (MCE) | Military College of Engineering (MCE) | 01/20/2015 | 358.20942 WOR | MCE-ECW/31 | 01/20/2015 | 01/20/2015 | Book | |||||||
| Military College of Engineering (MCE) | Military College of Engineering (MCE) | 01/20/2015 | 358.20942 WOR | MCE-ECW/32 | 01/20/2015 | 01/20/2015 | Book |
